| 000 | 01174nam a22002777a 4500 | ||
|---|---|---|---|
| 003 | OSt | ||
| 005 | 20250329164414.0 | ||
| 008 | 240906b ||||| |||| 00| 0 eng d | ||
| 040 | _c0 | ||
| 082 | _aDPer 621.317 Ie21 December 2022 v.37 n. 12 part 1&2. | ||
| 100 |
_aLi, Zhengxuan. _eauthor. _960407 |
||
| 245 |
_aAnalysis and optimization of energy variations in mmcs with variable dc voltages / _cZhengxuan Li, Qiang Song, Shukai Xu, Biao Zhao, Zhanqing Yu, and Rong Zeng. |
||
| 260 |
_aNew York ; _bThe Institute of Electrical and Electronics Engineers, Inc., _cDecember 2022. |
||
| 300 |
_avolume 37, pages 14562-144574, _billustration. |
||
| 500 | _aIEEE Transactions on Power Electronics, v. 37 n. 12, pages 14562-144574, December 2022. | ||
| 650 | 0 |
_aCirculating current. _966089 |
|
| 650 | 0 |
_aEnergy storage. _966090 |
|
| 650 | 0 |
_amodular multilevel converter (MMC). _966091 |
|
| 700 |
_aLi, Zhengxuan. _eauthor. _960407 |
||
| 700 |
_aSong, Qiang. _eauthor. _960408 |
||
| 700 |
_aXu, Shukai. _eauthor. _960409 |
||
| 700 |
_aZhao, Biao. _eauthor. _960410 |
||
| 700 |
_aYu, Zhanqing. _eauthor. _960411 |
||
| 700 |
_aZeng, Rong. _eauthor. _960412 |
||
| 942 |
_2ddc _cPER |
||
| 999 |
_c21402 _d21402 |
||